| 000 | 00734nam a2200241 i 4500 | ||
|---|---|---|---|
| 003 | DO-SdBNP | ||
| 005 | 20250110110141.0 | ||
| 008 | 250110b1967 dr ||||| |||| 00| 0 spa d | ||
| 040 |
_aDO-SdBNP _bspa _cBNPHU _erda |
||
| 082 | 2 |
_axxx _bC331g _222 |
|
| 100 | 1 |
_aCarvajal, Ramón _eautor _986876 |
|
| 245 | 1 | 0 |
_aLa gran aventura de Jhonny Richard / _cRamón Carvajal |
| 264 | 4 |
_aSanto Domingo : _bEditora no identificada, _c1967 |
|
| 300 |
_a57 páginas ; _c20 cm. |
||
| 336 |
_atexto _btxt _2rdacontent |
||
| 337 |
_asin mediación _bnc _2rdamedia |
||
| 338 |
_avolumen _bnc _2rdacarrier |
||
| 590 | _aInventariado, 2025/DG | ||
| 700 | _986877 | ||
| 700 | 1 |
_aCarlo, Ericarol, _eeditor _4ed. _985615 |
|
| 910 | _aDG | ||
| 942 |
_2ddc _cLBS1 |
||
| 999 |
_c58026 _d58026 |
||